Logos des principales distributions Linux - Statistiques

Statistiques générales
  • Ce quiz a été pris 10 fois
  • Le résultat moyen est 17 sur 28
Statistiques - réponses
Par images Réponse % Correct
Ubuntu
100%
Arch Linux
83%
Debian
83%
Fedora
83%
Gentoo
83%
Kali Linux
83%
Linux Mint
83%
Manjaro
83%
Pop!_OS
83%
SteamOS
83%
Zorin OS
83%
Bazzite
67%
NixOS
67%
openSUSE
67%
ChimeraOS
50%
elementary OS
50%
Garuda Linux
50%
Kubuntu
50%
Solus
50%
Xubuntu
50%
KDE Neon
33%
MX Linux
33%
Nobara Linux
33%
Qubes OS
33%
Ubuntu MATE
33%
Vanilla OS
33%
Deepin
17%
Tuxedo OS
17%
Aucun quiz correspondant
Distribution des résultats
% des personnes avec chaque résultat
Percentile par nombre de réponses
Votre historique - résultats
Vous n’avez pas pris ce quiz